000
00232nam a22000857a 4500
008
221010b |||||||| |||| 00| 0 eng d
100
_a
Rowling.J.K
245
_a
Harry Potter ( The Half Blood Prince )
260
_a
London
_b
Bloomsburt
_c
2022
999
_c
12067
_d
12067